000 00770nam a22001577a 4500
003 OSt
005 20151006153448.0
008 151006b xxu||||| |||| 00| 0 eng d
040 _cRUA
082 _aAVM KAR 2006 B077 or.1
100 _92191
_aKARBUTH SOMAKLAB
245 _aThe effect of organic green culture zs supplementation on cp diet on performance of broiler chicken, (ឥទ្ធិពលនៃការបន្ថែម អ័រកែននិកគ្រីនខាលឆើហ្សេតអែស ទៅក្នុងចំណីក្រុមហ៊ុនស៊ីភីសំរាប់ការលូតលាស់របស់មាន់សាច់)
260 _aphnom penh
_brua
_c2006
300 _aix, 37p.
_bill.
_c29cm.
942 _2ddc
_cAVM
999 _c2064
_d2064